Responses for Show #1608 - Wednesday, September 4, 1991

Steve Newman game 1.
Game entered from audiorecording. Missing prizes.

Contestants

[<< previous game]

Henry Ricardo, a program manager from Tappan, New York

Steve Newman, a computer consultant from Rockville, Maryland

Richard Bannin, a fundraising director from New York City, New York (whose 2-day cash winnings total $27,601)

[next game >>]

Jeopardy! Round responses

STARTS WITH "A"
18th CENTURY AMERICA
SOAP OPERAS
BIOLOGY
TRAVEL & TOURISM
MAPS
    $100 5
armor

Steve
    $100 1
the Declaration of Independence

Richard
    $100 26
(Steve: What is... what is Dynasty?)
(Richard: What are The Colbys?)

Knots Landing

RichardSteve
Triple Stumper
    $100 11
algae

Steve
    $100 21
(Steve: What is Texas?)

New Mexico

SteveHenry
    $100 16
National Geographic

Steve
    $200 6
All

Henry
    $200 2
Virginia

Steve
    $200 27
Tony Geary

Triple Stumper
    $200 12
fungi

Steve
    $200 22
South Carolina

Henry
    $200 17
Columbus

Richard
    $300 7
an apple

Henry
    $500 3
X, Y & Z

Steve
    $300 28
[The end-of-round signal sounds.]

an hourglass

Richard
    $300 13
antibodies

Steve
    $300 23
Dickens

Henry
    $300 18
(Steve: What is north?)

east

SteveHenry
    $400 8
Aquitaine

Steve
    $400 4
Sons of Liberty

Henry
    $400 14
the fruit fly

Henry
    $400 24
(Steve: What is sake?)
...
(Alex: We have less than a minute to go.)

tea

Steve
Triple Stumper
    $400 19
elevation

Henry
    $500 9
Albania

Steve
    $500 10
Ben Franklin

Steve
    $500 15
the Amphibia

Triple Stumper
    $500 25
Mexico

Steve
    $500 20
a Mercator projection

Steve

Scores at the first commercial break (after clue 13):

Richard Steve Henry
$100 $2,800 $900

Scores at the end of the Jeopardy! Round:

Richard Steve Henry
$500 $3,000 $2,600

Double Jeopardy! Round responses

GREEK MYTHOLOGY
SUPREME COURT JUSTICES
GUINNESS RECORDS
PLAYWRIGHTS
ISLANDS
NAME THE DECADE
    $200 2
(Steve: Who was Electra?)

Helen (of Troy)

RichardSteve
    $200 14
(Byron) White

Henry
    $200 25
basketball

Richard
    $200 1
Anton

Steve
    $200 11
Puerto Rico

Henry
    $200 17
the '20s

Steve
    $400 7
the Muses

Henry
    $400 15
(Steve: Who is John Jay?)

(John) Marshall

RichardSteve
    $400 27
the Mona Lisa

Steve
    $400 3
Shakespeare

Richard
    $400 12
Hawaii

Steve
    $400 20
the 1960s

Richard
    $2,000 8
the rainbow

Henry
    $600 16
Ramsey Clark

Henry
    $600 28
(Winston) Churchill

Steve
    $600 4
O'Neill

Richard
    $600 13
Chile

Richard
    $600 21
the 1940s

Henry
    $800 9
Zeus

Steve
    $800 24
Scalia

Steve
    $800 29
Stradivari

Steve
    $800 5
Beckett

Henry
    $800 18
the bombing of Hiroshima

Steve
    $800 22
the 1890s

Richard
    $1000 10
(King) Minos

Steve
    $3,000 26
(Alex: [Prior to the wager] We have a minute to go in the round, Richard.)

John Jay

Richard
    $1000 30
Saudi Arabia

Steve
    $1000 6
Tom Stoppard

Steve
    $1000 19
(Henry: What is Borneo?)
(Steve: What is Java?)

New Guinea

SteveHenry
Triple Stumper
    $1000 23
the 1830s

Steve

Scores at the end of the Double Jeopardy! Round:

Richard Steve Henry
$7,100 $10,400 $6,400

[wagering suggestions for these scores]

Final Jeopardy! Round responses

U.S. PRESIDENTS
HenryWho was Rutherford B. Hayes?
$2,200
RichardWho is Cleveland?
$7,100
SteveWho is Grover Cleveland?
$3,801
(Grover) Cleveland

Final scores:

Richard Steve Henry
$14,200 $14,201 $4,200
2nd place New champion: $14,201 3rd place

Game dynamics:

Coryat scores:

Richard Steve Henry
$5,100 $10,200 $5,000
12 R
(including 1 DD),
1 W
25 R
(including 1 DD),
7 W
16 R
(including 1 DD),
1 W

Combined Coryat: $20,300

[game clues] [game scores] [suggest correction]

Game tape date: 1991-08-05
The J! Archive is created by fans, for fans. Scraping, republication, monetization, and malicious use prohibited; this site may use cookies and collect identifying information. See terms. The Jeopardy! game show and all elements thereof, including but not limited to copyright and trademark thereto, are the property of Jeopardy Productions, Inc. and are protected under law. This website is not affiliated with, sponsored by, or operated by Jeopardy Productions, Inc. Join the discussion at JBoard.tv.